| 000 | 00465nam a2200181Ia 4500 | ||
|---|---|---|---|
| 003 | GCL | ||
| 008 | 140319s9999 xx 000 0 eng d | ||
| 040 |
_aGCL / _cGCL |
||
| 082 | 0 | 4 |
_a709.1 _bM A |
| 100 | 1 | _aMARCAIS,GEORGES | |
| 245 | 1 | 0 |
_aL, ART MUSULMAN / _cMARCAIS,GEORGES |
| 260 |
_a[S.N] : _bPRESSES UNIVESITAIRES DE FRANCE ، _c1991 |
||
| 300 | _a187 P | ||
| 650 | 0 | 4 | _aARTS |
| 650 | 0 | 4 | _aISLAMIC ART - HISTORY |
| 650 | 0 | 4 | _aISLAM - ARTS |
| 942 |
_2ddc _cBK |
||
| 999 |
_c15651 _d15651 |
||